Métodos cuantitativos para los negocios

Bibliographic Details
Main Author: Render, Barry
Format: Section = Libro
Language:Undetermined
Spanish
Published: España Pearson Educación 2006
Subjects:
LEADER 00700nam a2200217Ia 4500
008 240829s9999 xx 000 0 und d
020 |a 970-26-0738-8 
040 |a BIBLIOTECA-RUPAP 658 R397 
041 |a spa 
082 |a 658 R397 
100 1 |a Render, Barry  
245 1 0 |a Métodos cuantitativos para los negocios 
260 |a España  |b Pearson Educación  |c 2006 
300 |a 320 p. :il. 
650 7 |a ADMINISTRACION - METODOS CUANTITATIVOS - NEGOCIOS 
650 7 |b  PROGRAMACION LINEAL - MODELOS 
650 7 |c  ADMINISTRACION DE PROYECTOS 
650 7 |d  CONTROL ESTADISTICO. I. Stair Jr., Ralph M., coaut. II. Home, Michael E., coaut. III. Tít. 
942 |c BK  |2 ddc 
991 |a TEXTO 
999 |c 9807